[Event "Titled Tuesday intern op 01st Aug Early"]
[Site "Chess.com INT"]
[Date "2023.08.01"]
[Round "3"]
[White "Dziththauly, Ramadhan"]
[Black "Kaplan, Avi Harrison"]
[Result "1-0"]
[WhiteElo "2180"]
[BlackElo "2090"]
[PlyCount "63"]
[EventDate "2023.08.01"]
[EventType "swiss (blitz)"]
[EventRounds "11"]
[EventCountry "USA"]
[SourceTitle "EXT 2024"]
[Source "ChessBase"]
[SourceDate "2023.10.10"]
[SourceVersion "1"]
[SourceVersionDate "2023.10.10"]
[SourceQuality "1"]

1. d4 Nf6 2. c4 a6 3. Nc3 b5 4. cxb5 axb5 5. Nxb5 e5 6. dxe5 Ne4 7. Qd4 Bb7 8. Nc3 Bc5 9. Qc4 d5 10. exd6 Bxf2+ 11. Kd1 Qxd6+ 12. Qd3 Qe6 13. Nh3 Ra6 14. Nxe4 Bxe4 15. Ng5 Bxd3 16. Nxe6 Rxe6 17. exd3 Re1+ 18. Kc2 Nc6 19. b3 Nb4+ 20. Kd2 0-0 21. Bb2 Rfe8 22. g3 Rxa1 23. Bxa1 Nxa2 24. Bg2 Nb4 25. Bc3 Na6 26. d4 Rd8 27. d5 c6 28. Ke2 Bc5 29. dxc6 Nc7 30. Ba5 Re8+ 31. Kd2 Nd5 32. Bxd5 1-0

[Event "Asia-ch U20"]
[Site "Tagaytay City"]
[Date "2022.11.24"]
[Round "8"]
[White "Raahul, VS."]
[Black "Dziththauly, Ramadhan"]
[Result "1-0"]
[WhiteElo "2311"]
[BlackElo "2194"]
[PlyCount "111"]
[EventDate "2022.11.19"]
[EventType "swiss"]
[EventRounds "9"]
[EventCountry "PHI"]
[SourceTitle "CBM 211 Extra"]
[Source "ChessBase"]
[SourceDate "2023.01.31"]
[SourceVersion "1"]
[SourceVersionDate "2023.01.31"]
[SourceQuality "1"]

1. b3 e5 2. Bb2 Nc6 3. c4 Nf6 4. e3 d5 5. cxd5 Nxd5 6. a3 Bd6 7. Qc2 0-0 8. Nf3 Qe7 9. d3 Bd7 10. g3 f5 11. Nbd2 f4 12. gxf4 exf4 13. e4 Ne3 14. Qc3 b5 15. Rg1 Rf7 16. b4 a5 17. Ng5 Be5 18. Qb3 a4 19. Qxf7+ Qxf7 20. Nxf7 Bxb2 21. Ra2 Bxa3 22. fxe3 Bxb4 23. Nh6+ Kf8 24. Ke2 fxe3 25. Nf3 gxh6 26. Kxe3 a3 27. d4 Be6 28. Rf2 Ke7 29. Bxb5 Nd8 30. Rg7+ Nf7 31. d5 Bf5 32. Nd4 Bg6 33. Bc4 Bc5 34. Kd3 a2 35. Rxa2 Rxa2 36. Bxa2 Bxd4 37. Kxd4 Kf8 38. Rxf7+ Kxf7 39. e5 Ke7 40. Kc5 Be8 41. Bb1 Bd7 42. Bxh7 c6 43. d6+ Ke6 44. Kd4 c5+ 45. Ke4 Bc6+ 46. Kf4 Bb5 47. Bf5+ Kf7 48. e6+ Kf6 49. Ke4 Bc6+ 50. Kd3 Bd5 51. e7 Bc6 52. Bh3 Bb5+ 53. Kc3 h5 54. Bf1 c4 55. Bxc4 Be8 56. Kd4 1-0

[Event "Asia-ch U20"]
[Site "Tagaytay City"]
[Date "2022.11.19"]
[Round "1"]
[White "Dziththauly, Ramadhan"]
[Black "Co, Ronell Jose"]
[Result "1-0"]
[WhiteElo "2194"]
[BlackElo "1072"]
[PlyCount "57"]
[EventDate "2022.11.19"]
[EventType "swiss"]
[EventRounds "9"]
[EventCountry "PHI"]
[SourceTitle "CBM 211 Extra"]
[Source "ChessBase"]
[SourceDate "2023.01.31"]
[SourceVersion "1"]
[SourceVersionDate "2023.01.31"]
[SourceQuality "1"]

1. d4 f5 2. Bg5 Nf6 3. e3 e6 4. Bd3 Be7 5. Nd2 Nc6 6. c3 0-0 7. Qc2 d6 8. Ne2 Kh8 9. 0-0-0 Qe8 10. Bxf6 Bxf6 11. g4 g6 12. gxf5 exf5 13. h4 Bg7 14. Rdg1 Bh6 15. Nf4 Bd7 16. Nf3 Bxf4 17. exf4 Be6 18. Re1 Qd7 19. h5 Rg8 20. hxg6 Rxg6 21. d5 Bxd5 22. Bxf5 Qf7 23. Bxg6 Qxf4+ 24. Kb1 Qxf3 25. Rxh7+ Kg8 26. Rg1 Kf8 27. Rh8+ Bg8 28. Rxg8+ Kxg8 29. Bh5+ 1-0

[Event "Bekasi Scua op 2nd"]
[Site "Bekasi"]
[Date "2022.04.13"]
[Round "1"]
[White "Dziththauly, Ramadhan"]
[Black "Sakinah, Clearesta Anjalia"]
[Result "1-0"]
[WhiteElo "2196"]
[BlackElo "1368"]
[PlyCount "61"]
[EventDate "2022.04.13"]
[EventType "swiss"]
[EventRounds "9"]
[EventCountry "INA"]
[SourceTitle "EXT 2023"]
[Source "ChessBase"]
[SourceDate "2022.10.05"]
[SourceVersion "1"]
[SourceVersionDate "2022.10.05"]
[SourceQuality "1"]

1. d4 e6 2. c4 d5 3. Nc3 Nf6 4. cxd5 exd5 5. Bg5 Be7 6. e3 0-0 7. Bd3 c6 8. Qc2 h6 9. Bh4 Na6 10. a3 Be6 11. Nge2 Qa5 12. 0-0 Rab8 13. b4 Qd8 14. b5 Nc7 15. bxc6 bxc6 16. Na4 Bd7 17. Rfc1 Bd6 18. Nc5 Bxc5 19. Qxc5 Ne6 20. Qd6 Rb6 21. Bxf6 gxf6 22. Qg3+ Kh8 23. Qh4 Kg7 24. Ng3 Rh8 25. Nh5+ Kf8 26. Nxf6 Ng5 27. Qf4 c5 28. Nxd7+ Qxd7 29. dxc5 Nh3+ 30. gxh3 Qxh3 31. Kh1 1-0

[Event "Titled Tuesday intern op 01st Mar Early"]
[Site "Chess.com INT"]
[Date "2022.03.01"]
[Round "5"]
[White "Aaditya, Dhingra"]
[Black "Dziththauly, Ramadhan"]
[Result "1-0"]
[WhiteElo "2176"]
[BlackElo "2196"]
[PlyCount "89"]
[EventDate "2022.03.01"]
[EventType "swiss (blitz)"]
[EventRounds "11"]
[EventCountry "USA"]
[SourceTitle "CBM 207 Extra"]
[Source "ChessBase"]
[SourceDate "2022.05.31"]
[SourceVersion "1"]
[SourceVersionDate "2022.05.31"]
[SourceQuality "1"]

1. Nf3 c5 2. g3 d5 3. Bg2 Nc6 4. c4 d4 5. 0-0 e5 6. d3 Nf6 7. e3 Be7 8. exd4 exd4 9. Re1 0-0 10. Bg5 h6 11. Bxf6 Bxf6 12. Nbd2 Bf5 13. Ne4 Be7 14. a3 Re8 15. Qd2 Qc7 16. h3 Rad8 17. g4 Bg6 18. Nh2 f5 19. gxf5 Bxf5 20. Ng3 Bg6 21. Bd5+ Kh7 22. Nf3 Bd6 23. Kg2 Bf4 24. Qc2 Ne5 25. Nxe5 Rxe5 26. Rxe5 Bxe5 27. Re1 Rf8 28. Qe2 Bxg3 29. fxg3 Re8 30. Qd2 Rxe1 31. Qxe1 Bxd3 32. Qe8 Bxc4 33. Bxc4 Qc6+ 34. Qxc6 bxc6 35. Kf3 Kg6 36. Kf4 Kf6 37. h4 g5+ 38. hxg5+ hxg5+ 39. Ke4 a5 40. b3 Ke7 41. Kf5 Kd6 42. g4 d3 43. Bxd3 c4 44. Bxc4 Kc5 45. a4 1-0

[Event "Titled Tuesday intern op 01st Mar Early"]
[Site "Chess.com INT"]
[Date "2022.03.01"]
[Round "11"]
[White "Dziththauly, Ramadhan"]
[Black "Bryakin, Mikhail"]
[Result "0-1"]
[WhiteElo "2196"]
[BlackElo "2481"]
[PlyCount "122"]
[EventDate "2022.03.01"]
[EventType "swiss (blitz)"]
[EventRounds "11"]
[EventCountry "USA"]
[SourceTitle "CBM 207 Extra"]
[Source "ChessBase"]
[SourceDate "2022.05.31"]
[SourceVersion "1"]
[SourceVersionDate "2022.05.31"]
[SourceQuality "1"]

1. d4 Nf6 2. c4 g6 3. Nc3 Bg7 4. e4 d6 5. f3 0-0 6. Bg5 a6 7. Qd2 Nc6 8. Nge2 Bd7 9. a4 Nb4 10. Nc1 a5 11. Be2 c6 12. 0-0 Qc7 13. Nd3 Nxd3 14. Bxd3 e5 15. d5 Nh5 16. Rad1 Qb6+ 17. Be3 Qb4 18. dxc6 bxc6 19. Bb1 Be6 20. Qxd6 Qxb2 21. Rc1 Bxc4 22. Rf2 Qb4 23. Bc5 Qb7 24. Nd1 Ba6 25. Rb2 Qc8 26. Ba2 Nf4 27. Ne3 Ne2+ 28. Rxe2 Bxe2 29. Nc4 Bxc4 30. Bxc4 Re8 31. Qd2 Bf8 32. Be3 Qc7 33. Bb5 Re6 34. Qc3 Bb4 35. Qc2 Rd8 36. h3 Kg7 37. Bc4 Red6 38. Qf2 Qe7 39. Bb6 R8d7 40. Be3 Rd1+ 41. Rxd1 Rxd1+ 42. Kh2 h5 43. Qc2 Re1 44. Bf2 Ra1 45. Qb2 Rxa4 46. Bb3 Ra3 47. Bg3 f6 48. Qc2 Qc5 49. Qd3 Qd4 50. Qc2 Qc3 51. Qd1 Qxb3 52. Qd7+ Qf7 53. Qxc6 Ra2 54. f4 exf4 55. Bxf4 Re2 56. e5 Rxe5 57. Qc1 Qe7 58. Bh6+ Kh7 59. Bf4 Bd6 60. Qc6 Re6 61. Bxd6 Qxd6+ 0-1

[Event "Titled Tuesday intern op 01st Mar Early"]
[Site "Chess.com INT"]
[Date "2022.03.01"]
[Round "4"]
[White "Dziththauly, Ramadhan"]
[Black "Moskvin, Anatoly"]
[Result "1-0"]
[WhiteElo "2196"]
[BlackElo "2170"]
[PlyCount "87"]
[EventDate "2022.03.01"]
[EventType "swiss (blitz)"]
[EventRounds "11"]
[EventCountry "USA"]
[SourceTitle "CBM 207 Extra"]
[Source "ChessBase"]
[SourceDate "2022.05.31"]
[SourceVersion "1"]
[SourceVersionDate "2022.05.31"]
[SourceQuality "1"]

1. d4 Nf6 2. c4 c5 3. d5 b5 4. cxb5 a6 5. bxa6 Bxa6 6. Nc3 g6 7. e4 Bxf1 8. Kxf1 d6 9. Nf3 Bg7 10. g3 0-0 11. Kg2 Nbd7 12. a4 Qb6 13. Bd2 Rfb8 14. Qe2 Qb3 15. Rhb1 Nb6 16. Ra3 Qc4 17. Qe1 Ng4 18. Rc1 Qa6 19. b3 c4 20. b4 Nd7 21. b5 Qb7 22. a5 Nge5 23. Nxe5 Nxe5 24. Rb1 Nd3 25. Qe3 Qd7 26. b6 Nc5 27. Nb5 h5 28. Bc3 Rb7 29. Bxg7 Kxg7 30. Qc3+ f6 31. Qxc4 f5 32. Qd4+ Kh7 33. e5 Ne4 34. f3 Ng5 35. h4 dxe5 36. Qxe5 Nf7 37. Qe6 Qxe6 38. dxe6 Nd8 39. Nc7 Rxc7 40. bxc7 Nxe6 41. Rb8 Nxc7 42. Rxa8 Nxa8 43. Rc3 Nc7 44. Rxc7 1-0

[Event "Titled Tuesday intern op 01st Mar Early"]
[Site "Chess.com INT"]
[Date "2022.03.01"]
[Round "9"]
[White "Iljin, Timofey"]
[Black "Dziththauly, Ramadhan"]
[Result "0-1"]
[WhiteElo "2299"]
[BlackElo "2196"]
[PlyCount "38"]
[EventDate "2022.03.01"]
[EventType "swiss (blitz)"]
[EventRounds "11"]
[EventCountry "USA"]
[SourceTitle "CBM 207 Extra"]
[Source "ChessBase"]
[SourceDate "2022.05.31"]
[SourceVersion "1"]
[SourceVersionDate "2022.05.31"]
[SourceQuality "1"]

1. e4 c5 2. c3 d5 3. exd5 Qxd5 4. d4 Nf6 5. Nf3 cxd4 6. cxd4 e6 7. Nc3 Qa5 8. Be2 Nc6 9. 0-0 Bd6 10. Be3 0-0 11. a3 Qd8 12. b4 b6 13. Rc1 Bb7 14. h3 Rc8 15. Bd3 h6 16. Bb1 Bb8 17. Qd3 Ne7 18. Bf4 Bxf4 19. Ne4 Bxe4 0-1

[Event "Titled Tuesday intern op 01st Mar Early"]
[Site "Chess.com INT"]
[Date "2022.03.01"]
[Round "7"]
[White "Maneluk, Daniil"]
[Black "Dziththauly, Ramadhan"]
[Result "0-1"]
[WhiteElo "2283"]
[BlackElo "2196"]
[PlyCount "120"]
[EventDate "2022.03.01"]
[EventType "swiss (blitz)"]
[EventRounds "11"]
[EventCountry "USA"]
[SourceTitle "CBM 207 Extra"]
[Source "ChessBase"]
[SourceDate "2022.05.31"]
[SourceVersion "1"]
[SourceVersionDate "2022.05.31"]
[SourceQuality "1"]

1. e4 c5 2. Nf3 d6 3. d4 cxd4 4. Nxd4 Nf6 5. Nc3 a6 6. f3 e5 7. Nb3 Be6 8. Be3 Nbd7 9. Qd2 h5 10. Be2 Rc8 11. Nd5 Bxd5 12. exd5 Nb6 13. c4 Nxc4 14. Bxc4 Rxc4 15. Na5 Rc8 16. Nxb7 Qd7 17. Na5 Qb5 18. Rd1 Be7 19. Nc6 Bd8 20. b4 Bb6 21. Bxb6 Qxb6 22. Qf2 Qxf2+ 23. Kxf2 Nxd5 24. Rxd5 Rxc6 25. Rhd1 Ke7 26. R1d2 Rb8 27. a3 Rb5 28. R5d3 a5 29. bxa5 Rxa5 30. Ra2 Rac5 31. a4 Rc2+ 32. Rd2 Rxd2+ 33. Rxd2 Ra6 34. Ra2 Ra5 35. Ke3 d5 36. Kd3 Kd6 37. g3 Kc5 38. h3 Kb4 39. Rb2+ Kc5 40. Rb7 f5 41. Rxg7 Rxa4 42. Rg5 Ra3+ 43. Ke2 Ra2+ 44. Kd3 e4+ 45. fxe4 fxe4+ 46. Ke3 Ra3+ 47. Ke2 Kd4 48. g4 h4 49. Rh5 Rxh3 50. g5 Rh2+ 51. Kd1 Kd3 52. Ke1 e3 53. Kf1 e2+ 54. Kg1 e1Q+ 55. Kxh2 Qe2+ 56. Kh1 Qxh5 57. g6 Qxg6 58. Kh2 Ke2 59. Kh1 Kf3 60. Kh2 Qg2# 0-1

[Event "Titled Tuesday intern op 22nd Feb Early"]
[Site "Chess.com INT"]
[Date "2022.02.22"]
[Round "9"]
[White "Sahil, Tickoo"]
[Black "Dziththauly, Ramadhan"]
[Result "0-1"]
[WhiteElo "2201"]
[BlackElo "2196"]
[PlyCount "68"]
[EventDate "2022.02.22"]
[EventType "swiss (blitz)"]
[EventRounds "11"]
[EventCountry "USA"]
[SourceTitle "CBM 207 Extra"]
[Source "ChessBase"]
[SourceDate "2022.05.31"]
[SourceVersion "1"]
[SourceVersionDate "2022.05.31"]
[SourceQuality "1"]

1. d4 Nf6 2. c4 e6 3. Nc3 Bb4 4. Qc2 c5 5. dxc5 Na6 6. a3 Bxc3+ 7. Qxc3 Nxc5 8. f3 d6 9. b4 Ncd7 10. Bb2 b6 11. Nh3 Bb7 12. Nf2 Rc8 13. Qb3 d5 14. e3 0-0 15. Be2 dxc4 16. Bxc4 Nd5 17. 0-0 Nxe3 18. Qxe3 Rxc4 19. Rfd1 Bd5 20. Nd3 Qh4 21. Ne5 Nxe5 22. Qxe5 f6 23. Qg3 Qxg3 24. hxg3 Rc2 25. Bd4 Rfc8 26. Rf1 Rd2 27. Be3 Rd3 28. Bf2 Rc2 29. a4 Rdd2 30. a5 Bc4 31. axb6 axb6 32. g4 Bxf1 33. Rxf1 Rb2 34. g5 fxg5 0-1